| 000 | 01651cam a22003494a 4500 | ||
|---|---|---|---|
| 999 |
_c129621 _d129621 |
||
| 001 | 12699705 | ||
| 003 | ARRUPE | ||
| 005 | 20190521121511.0 | ||
| 008 | 020311s2002 enk b 001 0 eng | ||
| 010 | _a 2002023791 | ||
| 020 | _a0521817811 (hb) | ||
| 020 | _a0521520975 (pbk.) | ||
| 040 |
_aDLC _cDLC _dDLC |
||
| 042 | _apcc | ||
| 050 | 0 | 0 |
_aBJ1278 _b.S44 2002 |
| 082 | 0 | 0 |
_a241 _221 |
| 100 | 1 |
_aWeaver, Darlene Fozard. _946452 |
|
| 245 | 1 | 0 |
_aSelf love and Christian ethics / _cDarlene Fozard Weaver. |
| 260 |
_aCambridge, U.K. ; _aNew York : _bCambridge University Press, _c2002. |
||
| 300 |
_axiii, 267 p. ; _c23 cm. |
||
| 440 | 0 |
_aNew studies in Christian ethics _920820 |
|
| 504 | _aIncludes bibliographical references (p. 251-263) and index. | ||
| 650 | 0 |
_aChristian ethics. _946453 |
|
| 650 | 0 |
_aSelf-esteem _xReligious aspects _xChristianity. _946454 |
|
| 650 | 0 |
_aLove _xReligious aspects _xChristianity. _946455 |
|
| 856 | 4 | 1 |
_3Sample text _uhttp://www.loc.gov/catdir/samples/cam033/2002023791.html |
| 856 | 4 | 2 |
_3Publisher description _uhttp://www.loc.gov/catdir/description/cam022/2002023791.html |
| 856 | 4 | 1 |
_3Table of contents _uhttp://www.loc.gov/catdir/toc/cam024/2002023791.html |
| 856 | 4 | 2 |
_3Contributor biographical information _uhttp://www.loc.gov/catdir/enhancements/fy0731/2002023791-b.html |
| 906 |
_a7 _bcbc _corignew _d1 _eocip _f20 _gy-gencatlg |
||
| 942 |
_2lcc _cMONOGRAPH |
||